000 00481nam a2200193Ia 4500
999 _c46178
_d46178
001 13010
003 GE_BSU
005 20221221111713.0
008 181216s2008||||enk|||||||||||||| ||eng||
020 _a9780007165081
040 _cGE_BSU
080 _a821.111-3 P-99
100 _aPyper, Andrew.
_916514
245 4 _aThe kiling circle /
_b
_cAndrew Pyper.
264 _aLondon:
_bHarper,
_c2008.
300 _a422p ;
_b20 cm.
653 _aThe kiling circle.
942 _cBK
_2udc